00454 2200181 4500001002100000005001500021008004100036020001800077035001900095041000700114082001000121090001600131100001300147245003600160260003500196300003000231650001100261INLIS00000000000095120241224112247241224||||||||| | ||| |||| || |  a979-518-868-2 0010-1224000951 aid0 a604.2 a604.2 DAR a0 adaryanto00aALAT PENGIKAT Pada Elemen Mesin aJakartabBINA ANDIKASARAc2003 aviii,99 hlm.:ilus.;20 cm. 0aTeknik